000 00703cab a2200229 4500
001 ABS59690
008 090401t1998 xxu||||| |||| 00| 0 eng d
035 _a(Sirsi) u89600
041 _aeng
100 _aSmith, M.
245 _aMake sure landlords follow law
260 _c1998
350 _a0
490 _aEstate Agency News
_v(140) November 1998, 17(1)
520 _aSets out the requirements of the Housing Act 1996 pertaining to Section 21 Notices.
650 _aHOUSING ACT 1996
650 _aLANDLORD AND TENANT
_96252
650 _aS21 NOTICES
690 _aPROPERTY-RESIDENTIAL PROPERTY-RESIDENTIAL LANDLORD AND TENANT-RESIDENTIAL TENANCIES
942 _n0
948 _c10/11/1998
999 _c56709
_d56709